ចៅតុំនិងអ្នកតា / (Record no. 9435)
[ view plain ]
| 000 -LEADER | |
|---|---|
| fixed length control field | 02351nam a22002777a 4500 |
| 001 - CONTROL NUMBER | |
| control field | 9435 |
| 003 - CONTROL NUMBER IDENTIFIER | |
| control field | FISKH |
| 005 - DATE AND TIME OF LATEST TRANSACTION | |
| control field | 20260108100540.0 |
| 008 - FIXED-LENGTH DATA ELEMENTS--GENERAL INFORMATION | |
| fixed length control field | 260106b cb ||||| |||| 00| 0 eng d |
| 020 ## - INTERNATIONAL STANDARD BOOK NUMBER | |
| International Standard Book Number | 9789995001919 |
| 040 ## - CATALOGING SOURCE | |
| Original cataloging agency | FISKH |
| Language of cataloging | khr |
| Transcribing agency | FISKH |
| Modifying agency | FISKH |
| 082 ## - DEWEY DECIMAL CLASSIFICATION NUMBER | |
| Classification number | 398.2 |
| 100 ## - MAIN ENTRY--PERSONAL NAME | |
| Personal name | Jerng , Yim |
| 245 ## - TITLE STATEMENT | |
| Title | ចៅតុំនិងអ្នកតា / |
| Statement of responsibility, etc. | អ្នកនិពន្ធលោក យឹម ជឿង , អ្នករៀបរៀង លោក អ៊ាន ភាព និង លោកស្រី ងួន សាកល |
| 260 ## - PUBLICATION, DISTRIBUTION, ETC. | |
| Place of publication, distribution, etc. | ភ្នំពេញ : |
| Name of publisher, distributor, etc. | គ្រឹះស្ថានបោះពុម្ពនិងចែកផ្សាយ , |
| Date of publication, distribution, etc. | ២០១៣ . |
| 300 ## - PHYSICAL DESCRIPTION | |
| Extent | 16 pages : |
| Other physical details | color illustrations ; |
| Dimensions | 17 x 17 cm . |
| 490 ## - SERIES STATEMENT | |
| Series statement | រឿងនិទានអប់រំសម្រាប់កុមារ |
| 505 ## - FORMATTED CONTENTS NOTE | |
| Formatted contents note | R <br/><br/> |
| 520 ## - SUMMARY, ETC. | |
| Summary, etc. | តុំគីជាក្មេងម្នាក់ដែលមានអ្នកស្រលាញ់រាប់អានច្រើន ។ ដោយសារតែវាចង់បានសំនែនដែលគេសែនអោយអ្នកតា វាក៏ធ្វើជាសំលេងខ្មោចបន្លាចអ្នកភូមិអោយខ្លាចមិនហ៊ានដើរកាត់ទីនោះ ។ ថ្ងៃមួយអ្នកតាក៏ចេញមក តុំឃើញក៏ភ័យដល់ជ្រុះសក់ ។ អ្នកតាណែនាំតុំមិនអោយបន្លាចអ្នកភូមិ ហើយអ្នកតាសន្យាថានឹងតាមថែរក្សាតុំជានិច្ច ។ |
| 520 ## - SUMMARY, ETC. | |
| Summary, etc. | Tom is a child who is loved and respected by many people. Because he wanted the offerings that people presented hermit, he pretended to make ghostly sounds to scare the villagers so that they would be too afraid to walk past that place. One day, Hermit appeared. When Tom saw him, he was so frightened that his hair nearly fell out. HErmit advised Tom not to scare the villagers anymore and promised that he would always watch over and protect him. |
| 521 8# - TARGET AUDIENCE NOTE | |
| Target audience note | 700 <br/> |
| Source | Lexile estimate <br/> |
| 521 8# - TARGET AUDIENCE NOTE | |
| Target audience note | R <br/><br/> |
| Source | Raz-Plus <br/> |
| 700 ## - ADDED ENTRY--PERSONAL NAME | |
| Personal name | Sreang , Heng |
| Relator term | Illustrator |
| 942 ## - ADDED ENTRY ELEMENTS (KOHA) | |
| Source of classification or shelving scheme | Dewey Decimal Classification |
| Koha item type | Khmer Books |
| Suppress in OPAC | No |
| Withdrawn status | Lost status | Source of classification or shelving scheme | Damaged status | Not for loan | Collection | Home library | Current library | Shelving location | Date acquired | Total Checkouts | Full call number | Barcode | Date last seen | Price effective from | Koha item type |
|---|---|---|---|---|---|---|---|---|---|---|---|---|---|---|---|
| Dewey Decimal Classification | Khmer Language Books / សៀវភៅភាសាខ្មែរ | Footprints International School Library Network Toul Tom Poung Campus | Footprints International School Library Network Toul Tom Poung Campus | TTP Primary Khmer Bookshelves | 01/06/2026 | JER 398.2 | FIS02154 | 01/06/2026 | 01/06/2026 | Khmer Books |
